| 000 | 00470nam a2200157 4500 | ||
|---|---|---|---|
| 001 | 147945 | ||
| 003 | ES-MaACL | ||
| 005 | 20230906202340.0 | ||
| 007 | t| | ||
| 008 | 070214s1904 it r ||||1| ita d | ||
| 100 | 1 |
_aSpinazzola, Vittorio. _9107735 |
|
| 245 | 1 | 3 |
_aLe origini e il cammino dell'arte _b: prelezioni ad un corso di estetica / _cVittorio Spinazzola. |
| 260 |
_aBari : _bG. Laterza, _c1904. |
||
| 300 |
_aIX, 350 p. ; _c20 cm. |
||
| 852 |
_aES-MaACL _jC-2971 |
||
| 999 |
_c147945 _d147945 |
||